00267nam a2200121Ia 45000030006000000080041000060400015000471000011000622450034000732600009001075460012001160050017001280STCL150530s9999 xx 000 0 und d aSTCLcSTCL aHooker aLaws of Ecclesiastical policy c1888 aEnglish20220125165445.0